Las prioridades del Consejo de Normas de Contabilidad (IASB) y el proyecto de normas internacionales de sostenibilidad vinculado con el clima (Registro nro. 12796)

Detalles MARC
000 -LEADER
fixed length control field 00451 a2200121 4500
001 - CONTROL NUMBER
control field ART_57348
005 - DATE AND TIME OF LATEST TRANSACTION
control field 20260410161635.0
008 - FIXED-LENGTH DATA ELEMENTS--GENERAL INFORMATION
fixed length control field 260409a
100 1# - MAIN ENTRY--PERSONAL NAME
Personal name Geba, Norma Beatriz
245 10 - TITLE STATEMENT
Title Las prioridades del Consejo de Normas de Contabilidad (IASB) y el proyecto de normas internacionales de sostenibilidad vinculado con el clima
700 1# - ADDED ENTRY--PERSONAL NAME
Personal name Bifaretti, Marcela Claudia
773 0# - HOST ITEM ENTRY
Title Enfoques
Related parts - N° 10 (oct. 2022)
Record control number REV416

No hay ítems disponibles.